OpenGL programming guide : the official guide to learning OpenGL, version 2.1
Αποθηκεύτηκε σε:
| Συγγραφή απο Οργανισμό/Αρχή: | |
|---|---|
| Άλλοι συγγραφείς: | |
| Μορφή: | Βιβλίο |
| Γλώσσα: | English |
| Δημοσίευση: |
Upper Saddle River, NJ :
Addison-Wesley,
c2008.
|
| Έκδοση: | 6th ed. |
| Θέματα: | |
| Ετικέτες: |
Προσθήκη ετικέτας
Δεν υπάρχουν, Καταχωρήστε ετικέτα πρώτοι!
|
MARC
| LEADER | 00000cam a2200000 i 4500 | ||
|---|---|---|---|
| 001 | 1/78830 | ||
| 008 | 080326s2008 nju| ||| |||| ||eng|| | ||
| 020 | |a 9780321481009 | ||
| 020 | |a 0321481003 | ||
| 035 | |l 10095821 | ||
| 040 | |a GR-MyUa |b gre |e AACR2 | ||
| 041 | 0 | |a eng | |
| 082 | 7 | |a 006.66 |2 (22) | |
| 245 | 0 | 0 | |a OpenGL programming guide : |b the official guide to learning OpenGL, version 2.1 / |c OpenGL Architecture Review Board, Dave Shreiner ... [κ.ά.]. |
| 250 | |a 6th ed. | ||
| 260 | |a Upper Saddle River, NJ : |b Addison-Wesley, |c c2008. | ||
| 300 | |a xlvii, 862 σ. : |b εικ. (μερικές έγχρ.) ; |c 24 εκ. | ||
| 500 | |a Περιλαμβάνει ευρετήριο. | ||
| 630 | 0 | 0 | |a OpenGL. |
| 650 | 0 | |a Computer graphics. | |
| 700 | 1 | |a Shreiner, Dave. | |
| 710 | 2 | |a OpenGL Architecture Review Board. | |
| 852 | |a INST |b SYROS |e 20080326 |h 006.66 OPE |p 005500006291 |q 005500006291 |t BK |y 0 | ||
| 901 | |a BIBL5-2008-1 | ||
| 922 | |a 5ΕΛΗ |b 200710 |c ΕΠΕΑΕΚ2/ΤΜΣΠΣ |d Παπασωτηρίου | ||
| 970 | |a Καγιαβά |b Ειρήνη |z 26/03/2008 | ||